[Event "5th Kolkata Open"]
[Site "Kolkata IND"]
[Date "2012.12.07"]
[Round "5"]
[White "Deepan,C"]
[Black "Narayanan,SL"]
[Result "1/2-1/2"]
[WhiteTitle "GM"]
[WhiteElo "2487"]
[BlackElo "2373"]
[WhiteFideId "5011132"]
[BlackFideId "5058422"]
[EventDate "2012.12.03"]

1. e4 e5 2. Nf3 Nc6 3. Bb5 a6 4. Ba4 Nf6 5. O-O Be7 6. Re1 b5 7. Bb3 O-O 8. d3
d6 9. c3 Na5 10. Bc2 c5 11. Nbd2 Nc6 12. Nf1 Re8 13. Bg5 h6 14. Bh4 Be6 15. Ne3
Ng4 16. Bxe7 Nxe3 17. Bxd8 Nxd1 18. Bc7 Nxb2 19. Reb1 Rec8 20. Bxd6 Nxd3 21.
Bxd3 Rd8 22. Bxb5 1/2-1/2

[Event "5th Kolkata Open"]
[Site "Kolkata IND"]
[Date "2012.12.07"]
[Round "5"]
[White "Gagare,Shar"]
[Black "Vishnu,P"]
[Result "1/2-1/2"]
[WhiteTitle "FM"]
[BlackTitle "IM"]
[WhiteElo "2381"]
[BlackElo "2469"]
[WhiteFideId "5037883"]
[BlackFideId "5030692"]
[EventDate "2012.12.03"]

1. c4 e5 2. g3 d6 3. Bg2 g6 4. Nc3 Bg7 5. Nf3 f5 6. d3 Nf6 7. O-O O-O 8. Rb1 h6
9. b4 Nc6 10. b5 Ne7 11. Nd2 g5 12. Ba3 Kh8 13. Qa4 f4 14. c5 d5 15. c6 bxc6 16.
bxc6 Rf7 17. Bxe7 Rxe7 18. Rb5 a6 19. Ra5 d4 20. Nd5 Rf7 21. Nxf6 Qxf6 22. Ne4
Qg6 23. Rd5 Be6 24. Ra5 Bc8 25. Rd5 Bg4 26. Re1 h5 27. Ra5 Bc8 28. Qc4 Be6 29.
Qa4 h4 30. Rxa6 Raf8 31. Ra8 h3 32. Rxf8+ Bxf8 33. Bf3 g4 34. Bh1 fxg3 35. Nxg3
Bh6 36. Kf1 Bf4 37. Be4 Qh6 38. Qa8+ Rf8 39. Qa5 Rf7 40. Qa8+ Rf8 41. Qa5 Rf7
42. Qa8+ Rf8 1/2-1/2

[Event "5th Kolkata Open"]
[Site "Kolkata IND"]
[Date "2012.12.07"]
[Round "5"]
[White "Anurag,M"]
[Black "Akshayraj,K"]
[Result "1/2-1/2"]
[WhiteTitle "FM"]
[BlackTitle "IM"]
[WhiteElo "2370"]
[BlackElo "2459"]
[WhiteFideId "5024366"]
[BlackFideId "5012414"]
[EventDate "2012.12.03"]

1. Nf3 Nf6 2. c4 c6 3. g3 d5 4. Qc2 Bg4 5. Bg2 Nbd7 6. d3 e5 7. h3 Be6 8. O-O h6
9. b3 Bd6 10. Bb2 O-O 11. e4 Re8 12. Nc3 Rc8 13. Rad1 Qb6 1/2-1/2

[Event "5th Kolkata Open"]
[Site "Kolkata IND"]
[Date "2012.12.07"]
[Round "5"]
[White "Sandipan,C"]
[Black "Shreyans,K"]
[Result "1-0"]
[WhiteTitle "GM"]
[WhiteElo "2613"]
[BlackElo "2231"]
[WhiteFideId "5004225"]
[BlackFideId "5029074"]
[EventDate "2012.12.03"]

1. d4 e6 2. Nf3 f5 3. g3 Nf6 4. Bg2 d5 5. O-O Bd6 6. c4 c6 7. Nc3 O-O 8. Rb1 a5
9. c5 Bc7 10. Bf4 Nbd7 11. Na4 Bxf4 12. gxf4 b5 13. cxb6 Nxb6 14. Ne5 Nxa4 15.
Qxa4 Bd7 16. Qa3 Ng4 17. Qd6 Nxe5 18. Qxe5 Qb8 19. Qe3 Qd6 20. Rfc1 Rfb8 21. Rc5
Rb5 22. Rxb5 cxb5 23. Rc1 a4 24. Rc5 Rc8 25. a3 Rb8 26. b4 axb3 27. Qxb3 Kf8 28.
e3 Ra8 29. Bf1 Ra4 30. Bxb5 Bxb5 31. Qxb5 Rxa3 1-0

[Event "5th Kolkata Open"]
[Site "Kolkata IND"]
[Date "2012.12.07"]
[Round "5"]
[White "Shivananda,B"]
[Black "Tiviakov,S"]
[Result "0-1"]
[WhiteTitle "IM"]
[BlackTitle "GM"]
[WhiteElo "2381"]
[BlackElo "2663"]
[WhiteFideId "5007038"]
[BlackFideId "1008013"]
[EventDate "2012.12.03"]

1. f4 d5 2. Nf3 Nf6 3. g3 g6 4. Bg2 Bg7 5. d3 c5 6. O-O O-O 7. Na3 Nc6 8. Qe1 b6
9. c3 Ba6 10. Bd2 Ne8 11. Rb1 Nd6 12. b4 cxb4 13. cxb4 Nd4 14. Nxd4 Bxd4+ 15. e3
Bg7 16. b5 Bb7 17. Nc2 Qd7 18. a4 Rfc8 19. Nb4 e6 20. g4 Rc5 21. Qg3 f5 22. h4
fxg4 23. Qxg4 Nf5 24. d4 Rc4 25. Bh3 Qf7 26. Kh2 h5 27. Qe2 Nxh4 28. Rg1 Kh7 29.
Rg3 Bf6 30. Rbg1 Rg8 31. Nd3 Rxa4 32. Bb4 Qd7 33. f5 0-1

[Event "5th Kolkata Open"]
[Site "Kolkata IND"]
[Date "2012.12.07"]
[Round "5"]
[White "Kathmale,S"]
[Black "Grover,S"]
[Result "0-1"]
[BlackTitle "GM"]
[WhiteElo "2281"]
[BlackElo "2509"]
[WhiteFideId "5024498"]
[BlackFideId "5021103"]
[EventDate "2012.12.03"]

1. e4 e6 2. d4 d5 3. e5 c5 4. Qg4 Nc6 5. Nf3 cxd4 6. Bd3 Qc7 7. Bf4 Nge7 8. Bg3
Ng6 9. Qh5 Nb4 10. O-O Nxd3 11. cxd3 Qc2 12. Nxd4 Qxd3 13. Rd1 Qa6 14. Nc3 Bd7
15. a4 Bb4 16. Ncb5 Rc8 17. h4 Qb6 18. Qf3 a6 19. Nd6+ Bxd6 20. exd6 h5 21. a5
Qb4 22. Ra3 Ba4 23. d7+ Bxd7 24. Rb3 Qxa5 25. Rxb7 Qd8 26. Qa3 e5 27. Bxe5 Nxe5
28. Re1 Qe7 29. Qxe7+ Kxe7 30. f4 Rc4 31. Nf5+ Kf6 32. fxe5+ Kxf5 33. Rxd7 Rxh4
34. Rxf7+ Ke6 35. Rxg7 Re4 36. Rxe4 dxe4 37. Kf2 Rb8 38. Ke3 Kf5 39. Rf7+ Kxe5
40. Re7+ Kf5 41. Rf7+ Kg4 42. Rg7+ Kh4 43. Kxe4 Rxb2 44. Kf3 Rb3+ 45. Kf4 Rb4+
46. Kf3 Rb5 47. g3+ Kh3 48. Rh7 Rf5+ 49. Ke4 Kg4 50. Rc7 a5 51. Rc3 a4 52. Ra3
Ra5 53. Kd4 Ra7 54. Ke4 Ra8 55. Kd4 Ra7 56. Ke4 Ra5 57. Kd4 Kh3 58. Ke4 Kg2 59.
Kf4 Kf2 60. Ra2+ Ke1 61. Ke3 Kd1 62. Kd3 Rd5+ 63. Ke4 Rg5 64. Kf4 Rg4+ 65. Kf3
Rb4 66. Rh2 Rb5 67. Ra2 Rb3+ 68. Kf4 a3 69. Rh2 Rb5 70. Ra2 Ra5 71. Ke3 Kc1 72.
Kd3 Kb1 0-1

[Event "5th Kolkata Open"]
[Site "Kolkata IND"]
[Date "2012.12.07"]
[Round "5"]
[White "Thejkumar,M"]
[Black "Konguvel,P"]
[Result "1/2-1/2"]
[WhiteTitle "IM"]
[BlackTitle "IM"]
[WhiteElo "2442"]
[BlackElo "2359"]
[WhiteFideId "5009154"]
[BlackFideId "5000548"]
[EventDate "2012.12.03"]

1. d4 Nf6 2. c4 g6 3. Nc3 d5 4. Nf3 Bg7 5. Bg5 Ne4 6. Bh4 Nxc3 7. bxc3 dxc4 8.
e3 b5 9. a4 c6 10. Nd2 a6 11. Qb1 O-O 12. Be2 Bf5 13. Qb2 Qc7 14. f4 Nd7 15. g4
Bd3 16. Bxd3 cxd3 17. Qb1 c5 18. Qxd3 cxd4 19. cxd4 Nc5 20. Qc3 Qb7 21. O-O Nxa4
22. Qb4 Nb6 23. Nb3 Nc4 24. Qe1 Qe4 25. Bf2 Rfc8 26. Qb1 Qxb1 27. Rfxb1 a5 28.
Ra2 b4 29. Nc5 e5 30. fxe5 Bxe5 31. dxe5 Rxc5 32. Rxb4 Rac8 33. Rba4 Rxe5 34.
Rc2 Nb6 35. Rxc8+ Nxc8 36. Be1 Nb6 37. Rxa5 Rxa5 38. Bxa5 Nc4 39. Bc3 Nxe3 40.
h3 f5 41. gxf5 gxf5 42. Bd4 Nd5 43. Kf2 Kf7 44. Kf3 Kg6 45. Be5 Kg5 46. Kg3 Ne7
47. Bc7 Nc6 48. Bd6 Nd4 49. Be7+ Kg6 50. Kf4 Ne6+ 51. Kf3 Kf7 52. Bh4 Kg6 53.
Be7 Kf7 54. Ba3 Kf6 55. Bc1 Kg6 56. Kg3 Ng5 57. Bb2 Ne6 58. Bc1 Kf6 59. Kf3 Nd4+
60. Ke3 Nc6 61. Kf4 Ne7 62. Kf3 Ng6 63. Bd2 Nf8 64. Bc3+ Kg6 65. Bd2 Ne6 66. Bc1
Kf6 67. Bd2 Ng5+ 68. Kg2 Kg6 69. Bc1 Kf6 70. Kg3 Ne6 71. Kf3 Nd4+ 72. Ke3 Nb3
73. Ba3 Na5 74. Kf4 Nc6 75. Bb2+ Kg6 76. Kf3 Ne7 77. Bc1 Nd5 78. Kg3 Nc3 79. Kf3
Ne4 80. Kf4 Ng5 81. Kg3 Kf6 82. Bb2+ Ke6 83. Bc1 h6 84. Bb2 Ne4+ 85. Kf4 Nf2 86.
Bg7 h5 87. Kg5 Nxh3+ 88. Kxh5 Kd5 89. Kh4 Nf4 90. Bh6 Ke4 91. Kg3 1/2-1/2

[Event "5th Kolkata Open"]
[Site "Kolkata IND"]
[Date "2012.12.07"]
[Round "5"]
[White "Sundararajan,K"]
[Black "Aravindh,Chithambaram VR."]
[Result "1-0"]
[WhiteTitle "GM"]
[BlackTitle "FM"]
[WhiteElo "2434"]
[BlackElo "2338"]
[WhiteFideId "5005370"]
[BlackFideId "5072786"]
[EventDate "2012.12.03"]

1. d4 Nf6 2. c4 e6 3. Nf3 d5 4. g3 Bb4+ 5. Nc3 O-O 6. Bg2 dxc4 7. O-O Nc6 8. a3
Be7 9. e4 Na5 10. Be3 c6 11. Qe2 b5 12. Ne5 Bb7 13. f4 a6 14. Rad1 Qc7 15. g4
Rad8 16. g5 Nd7 17. Qh5 f5 18. Rf3 Nxe5 19. Rh3 Ng6 20. Qxh7+ Kf7 21. Rh6 Nh8
22. Bf3 Ke8 23. Rxe6 Rd6 24. exf5 Bc8 25. d5 Bxe6 26. fxe6 Kd8 27. Qxg7 Nb3 28.
f5 Rxf5 29. Qxh8+ Rf8 30. Qh5 c5 31. g6 Kc8 32. Ne4 Rdd8 33. d6 Bxd6 34. Nxd6+
Rxd6 35. Rxd6 Nd4 36. Bxd4 Qxd6 37. Qxc5+ Qxc5 38. Bxc5 Rf6 39. Be4 1-0

[Event "5th Kolkata Open"]
[Site "Kolkata IND"]
[Date "2012.12.07"]
[Round "5"]
[White "Udeshi,A"]
[Black "Ghosh,D"]
[Result "0-1"]
[WhiteTitle "IM"]
[BlackTitle "FM"]
[WhiteElo "2376"]
[BlackElo "2425"]
[WhiteFideId "5021740"]
[BlackFideId "5045207"]
[EventDate "2012.12.03"]

1. e4 e6 2. d4 d5 3. Nc3 Nf6 4. Bg5 dxe4 5. Nxe4 Be7 6. Bxf6 gxf6 7. Nf3 a6 8.
c4 f5 9. Nc3 Bf6 10. Qd2 c5 11. d5 O-O 12. O-O-O Bg7 13. h4 exd5 14. Nxd5 Nc6
15. h5 h6 16. Rh3 Nb4 17. Qf4 Nxd5 18. cxd5 Qf6 19. Rd2 Bd7 20. Rg3 Rfe8 21. Qc7
Rad8 22. Qxb7 f4 23. Rxg7+ Qxg7 24. d6 Qf6 25. Qc7 Qe6 26. Kb1 Rc8 27. Qa5 Rc6
28. Bd3 Rxd6 29. Bc2 Bc6 30. Rxd6 Qxd6 31. a3 Be4 32. Bxe4 Rxe4 33. Qc3 Qd1+ 34.
Ka2 Qd5+ 35. Kb1 Re2 36. Qf6 Rxf2 37. Qxf4 Rxg2 38. Qb8+ Kh7 39. Qf4 f5 40. Ka1
Qe4 41. Qc7+ Rg7 42. Ng5+ hxg5 43. Qd6 Qh1+ 0-1

[Event "5th Kolkata Open"]
[Site "Kolkata IND"]
[Date "2012.12.07"]
[Round "5"]
[White "G.,A"]
[Black "Das,Say"]
[Result "1-0"]
[WhiteTitle "IM"]
[BlackTitle "FM"]
[WhiteElo "2404"]
[BlackElo "2312"]
[WhiteFideId "5040299"]
[BlackFideId "5034426"]
[EventDate "2012.12.03"]

1. e4 c5 2. Nf3 e6 3. d4 cxd4 4. Nxd4 a6 5. c4 Nf6 6. Nc3 Qc7 7. a3 b6 8. Be3
Bb7 9. f3 d6 10. Rc1 Be7 11. Be2 O-O 12. O-O Nbd7 13. Qd2 Rac8 14. Rfd1 Qb8 15.
b4 Rfe8 16. Nb3 Bd8 17. Kh1 Bc7 18. Bf4 Ne5 19. Bxe5 dxe5 20. c5 b5 21. a4 Rcd8
22. Qe3 Bc6 23. axb5 axb5 24. Rxd8 Rxd8 25. Ra1 Nh5 26. Bf1 f5 27. Qg5 Nf6 28.
Qe3 fxe4 29. fxe4 Rd4 30. Nxd4 exd4 31. Qxd4 Be5 32. Qd2 Bxh2 33. Rd1 Bc7 34.
Be2 Qe8 35. Qe3 Be5 36. Bf3 Qg6 37. Ne2 Nxe4 38. Kg1 Bc7 39. Rd4 Ng3 40. Nxg3
Bxg3 41. Rd8+ Kf7 42. Bh5 Qxh5 43. Qxg3 Bd5 44. Rd7+ Ke8 45. Rxg7 Qd1+ 46. Kh2
Qh5+ 47. Kg1 Qd1+ 48. Kh2 Qh5+ 49. Qh3 Qe5+ 50. Rg3 Be4 51. Qh6 Bg6 52. Qd2 Be4
53. Qg5 Bf5 54. Qg8+ 1-0

[Event "5th Kolkata Open"]
[Site "Kolkata IND"]
[Date "2012.12.07"]
[Round "5"]
[White "Saptarshi,R"]
[Black "Praneeth,S"]
[Result "1/2-1/2"]
[WhiteTitle "IM"]
[WhiteElo "2402"]
[BlackElo "2246"]
[WhiteFideId "5008980"]
[BlackFideId "5091411"]
[EventDate "2012.12.03"]

1. e4 c5 2. Nf3 d6 3. d4 cxd4 4. Nxd4 Nf6 5. Nc3 a6 6. Qf3 g6 7. h3 Bg7 8. Be3
O-O 9. O-O-O Bd7 10. g4 Nc6 11. Qg2 Rc8 12. f4 Nxd4 13. Bxd4 Qa5 14. Kb1 e5 15.
fxe5 dxe5 16. Be3 Rxc3 17. bxc3 Be6 18. Bd3 Rc8 19. c4 Qb4+ 20. Ka1 Qc3+ 21. Kb1
b5 22. c5 b4 23. Bc1 Qxc5 24. Qd2 Qa5 25. a3 Rb8 26. Ka1 Bf8 27. Bb2 Bc5 28. c4
bxc3 29. Qxc3 Bd4 30. Qxa5 Bxb2+ 31. Kb1 Bc3+ 32. Qb4 Bxb4 33. axb4 Rxb4+ 34.
Kc2 Nxe4 35. Bxe4 Rxe4 36. Rhe1 Rc4+ 37. Kd3 Rb4 38. Rb1 Rd4+ 39. Kc3 Rf4 40.
Re3 a5 41. Rb8+ Kg7 42. Ra8 a4 43. Rxe5 Rf3+ 44. Kd2 a3 45. Re3 Rf2+ 46. Re2 Rf3 1/2-1/2

[Event "5th Kolkata Open"]
[Site "Kolkata IND"]
[Date "2012.12.07"]
[Round "5"]
[White "Padhya,S"]
[Black "Himanshu,Sh"]
[Result "1/2-1/2"]
[BlackTitle "IM"]
[WhiteElo "2236"]
[BlackElo "2417"]
[WhiteFideId "5079853"]
[BlackFideId "5007836"]
[EventDate "2012.12.03"]

1. e4 c5 2. Nf3 Nc6 3. c4 g6 4. d4 cxd4 5. Nxd4 Bg7 6. Be3 Nf6 7. Nc3 Ng4 8.
Qxg4 Nxd4 9. Qd1 Ne6 10. Qd2 O-O 11. Be2 d6 12. O-O Nc5 13. f3 Be6 14. b4 Nd7
15. Rac1 a5 16. a3 axb4 17. axb4 f5 18. exf5 gxf5 19. Nd5 Nf6 20. Bb6 Qd7 21.
Nc7 Rac8 22. Nxe6 Qxe6 23. Rfe1 Nd7 24. Bf1 Qf7 25. Bd4 Kh8 26. Kh1 Nf6 27. Ra1
Rcd8 28. Ra7 e5 29. Bb2 Nh5 30. Qf2 Rfe8 31. Qb6 Bf6 32. Rxb7 Qg6 33. Qf2 f4 34.
Rd1 Ng3+ 35. Kg1 Nxf1 36. Qxf1 Qh6 37. Rb6 Qf8 38. Qd3 Be7 39. Qe4 Kg8 40. Qd5+
Qf7 41. Qxf7+ Kxf7 42. Rc6 Rb8 43. Bc3 Rec8 44. Rxc8 Rxc8 45. c5 dxc5 46. bxc5
Bxc5+ 47. Kf1 Ke6 48. Be1 Bd4 49. g3 Rc2 50. Rd2 Rc1 51. gxf4 Be3 52. Ra2 Bxf4
53. Re2 Kf5 54. Kg2 Rc4 55. Bg3 h5 1/2-1/2

[Event "5th Kolkata Open"]
[Site "Kolkata IND"]
[Date "2012.12.08"]
[Round "6"]
[White "Iordachescu,V"]
[Black "Gopal,G"]
[Result "1-0"]
[WhiteTitle "GM"]
[BlackTitle "GM"]
[WhiteElo "2619"]
[BlackElo "2547"]
[WhiteFideId "13900200"]
[BlackFideId "5015693"]
[EventDate "2012.12.03"]

1. e4 c5 2. Nc3 d6 3. Nge2 Nf6 4. g3 g6 5. Bg2 Bg7 6. d3 Nc6 7. O-O O-O 8. Bg5
Rb8 9. a4 a6 10. h3 b5 11. axb5 axb5 12. Nd5 Nd7 13. Qc1 Bb7 14. c3 Re8 15. Qd2
Nb6 16. Rfe1 b4 17. h4 bxc3 18. bxc3 Nxd5 19. exd5 Ne5 20. h5 Qc8 21. h6 Bh8 22.
d4 Ng4 23. Qd3 Nf6 24. c4 Ng4 25. f3 Nf6 26. dxc5 Qxc5+ 27. Be3 Qc8 28. Nd4 Nd7
29. f4 Nc5 30. Qd1 Ra8 31. Rxa8 Bxa8 32. Nb5 Nd7 33. Bh3 Qd8 34. Bd4 Nf6 35. g4
Qd7 36. Qd3 e5 37. fxe5 dxe5 38. Rxe5 Rb8 39. g5 Ng4 40. Re4 f5 41. gxf6 Rxb5
42. Bxg4 Rb1+ 43. Qxb1 1-0

[Event "5th Kolkata Open"]
[Site "Kolkata IND"]
[Date "2012.12.08"]
[Round "6"]
[White "Swapnil,SD"]
[Black "Gupta,Ab"]
[Result "1-0"]
[WhiteTitle "IM"]
[BlackTitle "GM"]
[WhiteElo "2438"]
[BlackElo "2662"]
[WhiteFideId "5019184"]
[BlackFideId "5010608"]
[EventDate "2012.12.03"]

1. d4 Nf6 2. c4 g6 3. Nc3 d5 4. Nf3 Bg7 5. Qb3 dxc4 6. Qxc4 O-O 7. e4 a6 8. Be2
b5 9. Qb3 c5 10. dxc5 Be6 11. Qc2 Nbd7 12. Be3 Rc8 13. Rd1 b4 14. Nd5 Bxd5 15.
exd5 Nxc5 16. O-O a5 17. Bb5 Nce4 18. Bc6 Nd6 19. Qe2 Qc7 20. Rc1 Nf5 21. Bc5
Rfd8 22. Qa6 Nxd5 23. Bxd5 Rxd5 24. Be3 Qxc1 25. Bxc1 Rdc5 26. Bf4 Bxb2 27. g4
Nd4 28. Nxd4 Bxd4 29. Rd1 Bf6 30. Be3 Rc4 31. h3 Bc3 32. Qxa5 b3 33. Rd8+ Kg7
34. Rxc8 b2 35. Qb6 1-0

[Event "5th Kolkata Open"]
[Site "Kolkata IND"]
[Date "2012.12.08"]
[Round "6"]
[White "Nolte,R"]
[Black "Ganguly,S"]
[Result "1/2-1/2"]
[WhiteTitle "IM"]
[BlackTitle "GM"]
[WhiteElo "2453"]
[BlackElo "2630"]
[WhiteFideId "5200636"]
[BlackFideId "5002150"]
[EventDate "2012.12.03"]

1. e4 e6 2. d4 d5 3. Nc3 Bb4 4. e5 c5 5. a3 Bxc3+ 6. bxc3 Ne7 7. Qg4 Qc7 8. Qxg7
Rg8 9. Qxh7 cxd4 10. Ne2 Nbc6 11. f4 dxc3 12. Qd3 d4 13. Ng3 Bd7 14. Ne4 O-O-O
15. Nd6+ Kb8 16. Rb1 Bc8 17. Nxf7 Rd5 18. h4 Bd7 1/2-1/2

[Event "5th Kolkata Open"]
[Site "Kolkata IND"]
[Date "2012.12.08"]
[Round "6"]
[White "Arun Prasad,S"]
[Black "David,Alb"]
[Result "1/2-1/2"]
[WhiteTitle "GM"]
[BlackTitle "GM"]
[WhiteElo "2513"]
[BlackElo "2607"]
[WhiteFideId "5011167"]
[BlackFideId "4000013"]
[EventDate "2012.12.03"]

1. g3 e5 2. c4 Nf6 3. Bg2 h6 4. Nc3 Bb4 5. e4 Bxc3 6. bxc3 O-O 7. Ne2 c6 8. O-O
Re8 9. Qb3 Na6 10. Ba3 d6 11. Rab1 Rb8 12. d3 Qc7 13. h3 b5 14. cxb5 cxb5 15.
Rfc1 Be6 16. Qc2 Qd7 17. Kh2 d5 18. exd5 Nxd5 19. c4 bxc4 20. Rxb8 Rxb8 21. dxc4
Ndb4 22. Bxb4 Nxb4 23. Qe4 Nd3 24. Rc3 Nxf2 25. Qxe5 Rb2 26. Rf3 Nd1 27. Rb3 Qd2
28. Nf4 Rxb3 29. Nxe6 Qb2 30. Qd6 Rb8 31. Qxd1 fxe6 32. c5 Qxa2 33. c6 Rb2 34.
Qd8+ Kf7 35. Qd7+ Kf6 36. Qd4+ e5 37. Qd8+ Kf7 38. Qd7+ Kg8 39. Qd8+ Kf7 40.
Qd7+ 1/2-1/2

[Event "5th Kolkata Open"]
[Site "Kolkata IND"]
[Date "2012.12.08"]
[Round "6"]
[White "Oleksienko,M"]
[Black "Debashis,D"]
[Result "1/2-1/2"]
[WhiteTitle "GM"]
[BlackTitle "IM"]
[WhiteElo "2573"]
[BlackElo "2464"]
[WhiteFideId "4152417"]
[BlackFideId "5024854"]
[EventDate "2012.12.03"]

1. e4 c5 2. Nf3 d6 3. c3 Nf6 4. Be2 Nbd7 5. d3 b6 6. O-O Bb7 7. Nbd2 e6 8. Re1
Be7 9. Bf1 O-O 10. d4 cxd4 11. cxd4 Rc8 12. Bd3 e5 13. d5 Nc5 14. Bc2 a5 15. Nb1
b5 16. Nc3 Qd7 17. a3 Bd8 18. b4 Na6 19. Na2 axb4 20. axb4 Bb6 21. h3 Nh5 22.
Nh4 g6 23. Bh6 Rfe8 24. Bd3 Ra8 25. Qe2 Nc7 26. Nc3 Rxa1 27. Rxa1 Nf4 28. Bxf4
exf4 29. Qg4 Qd8 30. Nf3 Qf6 31. Ra3 Bc8 32. Qg5 Qxg5 33. Nxg5 Bd7 34. Nf3 h6
35. e5 dxe5 36. d6 e4 37. Bxe4 Ne6 38. Nd5 Bd8 39. Ne5 Nf8 40. Nxd7 Nxd7 41. Ra8
Kg7 42. Ne7 Kf8 43. Bc6 Bxe7 44. dxe7+ Kxe7 45. Rxe8+ Kxe8 46. Bxb5 Ke7 47. Bxd7
Kxd7 48. Kf1 Kc6 49. Ke2 Kb5 50. Kf3 Kxb4 51. Kxf4 f6 52. g4 Kc4 53. h4 Kd5 54.
h5 gxh5 55. gxh5 Ke6 56. Ke4 f5+ 57. Kd4 f4 58. Ke4 f3 59. Kxf3 Kf5 60. Ke3 Kg5
61. Ke4 Kxh5 62. Kf5 Kh4 63. Ke5 Kg5 64. f4+ Kg6 65. Ke6 Kg7 66. Ke7 Kg6 1/2-1/2

[Event "5th Kolkata Open"]
[Site "Kolkata IND"]
[Date "2012.12.08"]
[Round "6"]
[White "Sengupta,D"]
[Black "Sahoo,U"]
[Result "1-0"]
[WhiteTitle "GM"]
[WhiteElo "2540"]
[BlackElo "2254"]
[WhiteFideId "5008352"]
[BlackFideId "5034566"]
[EventDate "2012.12.03"]

1. e4 e5 2. Nf3 Nc6 3. Bb5 a6 4. Ba4 Nf6 5. O-O Be7 6. Re1 b5 7. Bb3 d6 8. c3
O-O 9. d4 Bg4 10. Be3 exd4 11. cxd4 Na5 12. Bc2 Nc4 13. Bc1 c5 14. b3 Nb6 15.
Nbd2 Re8 16. Bb2 Rc8 17. Rc1 cxd4 18. h3 Bh5 19. Bb1 Nfd7 20. g4 Bg6 21. Nxd4
Rxc1 22. Qxc1 Bg5 23. Qc3 Ne5 24. Nf1 Nbd7 25. Ng3 Nc5 26. Rd1 Qb6 27. Bc1 b4
28. Qc2 Bxc1 29. Qxc1 Ne6 30. Nge2 h5 31. g5 h4 32. Nxe6 fxe6 33. Nf4 Qd8 34.
Nxg6 Nxg6 35. e5 Nxe5 36. Qe3 Qxg5+ 37. Qxg5 Nf3+ 38. Kg2 Nxg5 39. Rxd6 Rc8 40.
f4 Nf7 41. Rxe6 a5 42. Ra6 Kf8 43. Bg6 Rc7 44. Rxa5 Ke7 45. Ra4 Nd6 46. Rxb4 Rc3
47. Be4 Re3 48. Bf3 Rc3 49. a4 Rc2+ 50. Kg1 Rb2 51. Bg4 Ra2 52. Kf1 Kd8 53. Ke1
Kc7 54. Kd1 Kc6 55. Rb8 Kc5 56. Be6 Rb2 57. Kc1 Rf2 58. f5 Kd4 59. Rd8 Kc5 60.
b4+ Kc6 61. b5+ Kc5 62. Rd7 Rf4 63. Rc7+ Kb4 64. b6 Kxa4 65. Ra7+ Kb4 66. b7
Rf1+ 67. Kc2 1-0

[Event "5th Kolkata Open"]
[Site "Kolkata IND"]
[Date "2012.12.08"]
[Round "6"]
[White "Vaibhav,S"]
[Black "Paragua,M"]
[Result "1-0"]
[WhiteTitle "GM"]
[BlackTitle "GM"]
[WhiteElo "2494"]
[BlackElo "2533"]
[WhiteFideId "5045185"]
[BlackFideId "5201241"]
[EventDate "2012.12.03"]

1. e4 c5 2. Nf3 d6 3. d4 cxd4 4. Nxd4 Nf6 5. Nc3 a6 6. Be2 e5 7. Nb3 Be7 8. O-O
O-O 9. Re1 Be6 10. Bf3 Nbd7 11. a4 Rc8 12. a5 Rc4 13. Be3 Qc7 14. Nd2 Rb4 15.
Qc1 Rc8 16. Nf1 Bd8 17. Bd2 Rd4 18. Be3 Rc4 19. Ng3 g6 20. h3 Rc6 21. Nf1 b5 22.
axb6 Qb7 23. Bg5 Bxb6 24. Ne3 Bxe3 25. Rxe3 Rb6 26. Qd2 Rbc6 27. Kh2 Ne8 28. Be2
Nc5 29. Rb1 Rb6 30. b3 Rb4 31. Ra1 Rd4 32. Qe1 Kg7 33. f3 h6 34. Bh4 f5 35. exf5
gxf5 36. Bf1 Nf6 37. Re2 Bf7 38. Rd2 Rxh4 39. Qxh4 Qe7 40. Qe1 d5 41. Qg3+ Kh7
42. Re1 Ncd7 43. f4 Ne4 44. Nxe4 fxe4 45. c4 Nf6 46. cxd5 Bxd5 47. Red1 Rg8 48.
Qc3 Be6 49. Qxe5 Qf7 50. Bc4 Re8 51. Bxe6 Rxe6 52. Qf5+ Kg7 53. Rd6 Re7 54. Rxa6
e3 55. Re1 Nd5 56. Qxf7+ 1-0

[Event "5th Kolkata Open"]
[Site "Kolkata IND"]
[Date "2012.12.08"]
[Round "6"]
[White "Tiviakov,S"]
[Black "Swayams,M"]
[Result "1/2-1/2"]
[WhiteTitle "GM"]
[BlackTitle "IM"]
[WhiteElo "2663"]
[BlackElo "2439"]
[WhiteFideId "1008013"]
[BlackFideId "5028183"]
[EventDate "2012.12.03"]

1. e4 e5 2. Nf3 Nc6 3. Bc4 Nf6 4. d3 Be7 5. c3 O-O 6. Bb3 d6 7. h3 Na5 8. Bc2 c5
9. O-O Nc6 10. Re1 Re8 11. d4 cxd4 12. cxd4 Qb6 13. d5 Nb4 14. Bb3 Bd7 15. a3
Qa6 16. Re3 Bd8 17. Nc3 Bb6 18. Re2 Nd3 19. Bg5 Rac8 20. Bxf6 gxf6 21. Ba4 Bxa4
22. Nxa4 Nxf2 23. Rxf2 Bxf2+ 24. Kxf2 Rc4 25. b3 Rxe4 26. Rc1 Kh8 27. Qd2 Rg8
28. Nc3 Qb6+ 29. Kf1 Re3 30. Nh4 f5 31. Qf2 Rg5 32. Nf3 Rg8 33. Nh4 Rg5 34. Nf3
Rg8 35. Nh4 1/2-1/2

[Event "5th Kolkata Open"]
[Site "Kolkata IND"]
[Date "2012.12.08"]
[Round "6"]
[White "Akshayraj,K"]
[Black "Sandipan,C"]
[Result "0-1"]
[WhiteTitle "IM"]
[BlackTitle "GM"]
[WhiteElo "2459"]
[BlackElo "2613"]
[WhiteFideId "5012414"]
[BlackFideId "5004225"]
[EventDate "2012.12.03"]

1. e4 c5 2. Nf3 d6 3. d4 cxd4 4. Nxd4 Nf6 5. Nc3 a6 6. Bg5 e6 7. f4 h6 8. Bh4
Qb6 9. Qd2 Qxb2 10. Rb1 Qa3 11. e5 dxe5 12. fxe5 Nfd7 13. Ne4 Qxa2 14. Rd1 Qd5
15. Qe3 Qxe5 16. Be2 Bc5 17. Bg3 Bxd4 18. Rxd4 Qa5+ 19. Rd2 O-O 20. Bd6 f5 21.
Bxf8 Nxf8 22. Nd6 Nbd7 23. g4 fxg4 24. O-O Qc5 25. Rd4 b6 26. Rf7 Ne5 27. Ne4
Qa5 28. Rf1 Bb7 29. h3 Nf3+ 30. Bxf3 gxf3 31. Qxf3 Qe5 32. c3 Bd5 33. Qg4 Nh7
34. Qg3 Qxg3+ 35. Nxg3 Ng5 36. Rb4 b5 37. h4 Nf3+ 38. Kf2 a5 39. Rb2 Nxh4 0-1

[Event "5th Kolkata Open"]
[Site "Kolkata IND"]
[Date "2012.12.08"]
[Round "6"]
[White "Lintchevski,D"]
[Black "Rathnakaran,K"]
[Result "1/2-1/2"]
[WhiteTitle "GM"]
[BlackTitle "IM"]
[WhiteElo "2553"]
[BlackElo "2435"]
[WhiteFideId "4171055"]
[BlackFideId "5005507"]
[EventDate "2012.12.03"]

1. e4 e6 2. d4 d5 3. Nc3 Nf6 4. Bg5 Be7 5. e5 Nfd7 6. Bxe7 Qxe7 7. f4 a6 8. Nf3
c5 9. Qd2 b5 10. dxc5 Nxc5 11. Bd3 Bb7 12. O-O Nbd7 13. Qe3 f5 14. exf6 Nxf6 15.
Qd4 O-O 16. a4 Nfe4 17. axb5 axb5 18. Rxa8 Bxa8 19. Ne5 Qb7 20. Bxe4 Nxe4 21.
Ra1 Rxf4 22. Qa7 Rf8 23. Qxb7 Bxb7 24. Nxb5 Rf5 25. Nd3 e5 26. b4 h5 27. h4 g5
28. Nc5 Ng3 29. Re1 Bc6 30. Na7 Ba8 31. Nc8 Rf8 32. Nb6 Bc6 33. Nbd7 Rf4 34.
Nxe5 Bb5 35. Ned3 Rxh4 36. Re5 Rh1+ 37. Kf2 h4 38. Rxg5+ Kf8 39. Ke3 Bc4 40. Kd4
Rd1 41. Ne6+ Kf7 42. Nf4 Rd2 43. b5 Bxb5 44. Rxd5 Bc6 45. Re5 Rxc2 46. Nb4 Rd2+
47. Kc3 1/2-1/2